000 00722nam a22002177a 4500
003 OSt
005 20160512124608.0
008 160502t2016 ua ||||f |b|| 000 0 eng d
020 _a9789777230438
040 _aMa-Un
_bara
_cDar Arab
082 0 4 _a428.241
_bS A C
_221
100 1 _aSalama, Ahmed
_9236
245 1 0 _aConversation for all :
_bstart to listen and speak /
_cAhmed salama.
250 _aط. 1.
260 _aCairo :
_bDaralbraa,
_c2016.
300 _a162 p. :
_bill. ;
_c24 cm.+
_e1 CD-Rom (3/4 in)
504 _aيشتمل علي إرجاعات ببليوجرافية.
650 4 _aEnglish language
_xConversation and phrase books
_955668
650 4 _aEnglish language
_vSpoken English
_955669
942 _cBOOK
999 _c39483
_d273983